000 00854nam a2200253 i 4500
001 bg
245 0 0 _aDiagnostyka samochodów osobowych i ciężarowych /
_cpod red. naukową Stanisława Nizińskiego ; [wprowadzenie Stanisław Niziński ; aut. Aleksander Wysocki et al.].
260 _aWarszawa :
_b"Bellona",
_c1999.
300 _a619, [5] s. :
_bfot., rys., wykr. ;
_c25 cm.
504 _aBibliogr. przy rozdz.
650 9 _aDiagnostyka techniczna
650 9 _aSamochody ciężarowe
_xbadanie
650 9 _aSamochody osobowe
_xbadanie
655 _aPodręczniki
700 1 _aNIZIŃSKI, Stanisław
_d(1937- ).
_eRed.
700 1 _aWYSOCKI, Aleksander
020 _a8311089329
040 _cBPK
041 0 _apl
080 _a629.331+629.35].083(07)
920 _a83-11-08932-9
942 _cKS
008 s pl f |000 0 pol
999 _c36369
_d36369
856 _uhttp://koha.tu.koszalin.pl/cgi-bin/koha/opac-detail.pl?biblionumber=36369
_yKatalog online BPK